000 00392 a2200169 4500
001 190928
020 _a978-85-7153-307-3
040 _cMagnum
100 _aGarcia, Maria Cláudia Siqueira
240 1 0 _aEm busca da floresta azul
_lpor
245 1 0 _aEm busca da floresta azul
300 _a54
362 0 _a2012
440 1 _aRHJ
697 _aLITERATURA INFANTO-JUVENIL
942 _cBK
999 _c190928
_d190928